[Event "Pernik Benderev Memorial-10"]
[Site "Pernik"]
[Date "1984.04.24"]
[Round "5"]
[White "Nenkov, Ljudmil"]
[Black "Radulov, Ivan"]
[Result "1/2-1/2"]
[WhiteElo "2245"]
[BlackElo "2465"]
[PlyCount "147"]
[EventDate "1984.04.20"]
[EventType "tourn"]
[EventRounds "15"]
[EventCountry "BUL"]
[EventCategory "7"]
[SourceTitle "MCD"]
[Source "ChessBase"]
[SourceDate "1999.07.01"]
[SourceVersion "1"]
[SourceVersionDate "1999.07.01"]
[SourceQuality "1"]

1. d4 d5 2. Nf3 Nf6 3. c4 dxc4 4. g3 e6 5. Bg2 c5 6. Qa4+ Bd7 7. Qxc4 Nc6 8. 0-0 b5 9. Qd3 Rc8 10. Ne5 Nb4 11. Qd1 cxd4 12. a3 Nc6 13. Bf4 Be7 14. Nd2 Nxe5 15. Bxe5 Bc6 16. Bxc6+ Rxc6 17. Nb3 0-0 18. Qxd4 Nd7 19. Rfd1 Nxe5 20. Qxe5 Qb6 21. Rd2 Bf6 22. Qf4 h6 23. e3 Rfc8 24. Qe4 Rc4 25. Qd3 a5 26. Rad1 a4 27. Nd4 b4 28. axb4 Qxb4 29. Qa3 Qxa3 30. bxa3 Rc3 31. Rd3 Be7 32. Nb5 Rxd3 33. Rxd3 Rb8 34. Nd4 Bc5 35. Nc2 Rb3 36. Rd8+ Kh7 37. Ra8 Rc3 38. Nb4 Rxa3 39. Nc6 Ra2 40. Ne5 a3 41. Nd7 Bb4 42. Nf8+ Bxf8 43. Rxf8 Rb2 44. Ra8 a2 45. Kg2 f5 46. h4 g5 47. hxg5 hxg5 48. g4 Kg6 49. Ra6 Kf7 50. Kg3 fxg4 51. Kxg4 Rxf2 52. Kxg5 Ke7 53. Kg4 Kd7 54. Kg3 Rd2 55. Kf4 Kc7 56. Ke5 Kb7 57. Ra3 Re2 58. Kd6 Rc2 59. Ke5 Kb6 60. Kf6 Kb5 61. e4 Kb4 62. Ra8 Kb3 63. e5 Rc6 64. Rb8+ Ka3 65. Ra8+ Kb2 66. Rb8+ Kc1 67. Ra8 Kb1 68. Rb8+ Ka1 69. Rb7 Rc2 70. Kxe6 Rb2 71. Ra7 Kb1 72. Kf6 Rf2+ 73. Kg6 Re2 74. Kf6 1/2-1/2

[Event "Pernik Benderev Memorial-10"]
[Site "Pernik"]
[Date "1984.04.23"]
[Round "4"]
[White "Lau, Ralf"]
[Black "Nenkov, Ljudmil"]
[Result "1-0"]
[WhiteElo "2375"]
[BlackElo "2245"]
[PlyCount "97"]
[EventDate "1984.04.20"]
[EventType "tourn"]
[EventRounds "15"]
[EventCountry "BUL"]
[EventCategory "7"]
[SourceTitle "MCD"]
[Source "ChessBase"]
[SourceDate "1999.07.01"]
[SourceVersion "1"]
[SourceVersionDate "1999.07.01"]
[SourceQuality "1"]

1. e4 c5 2. Nf3 d6 3. d4 cxd4 4. Nxd4 Nf6 5. Nc3 a6 6. a4 e5 7. Nf3 Qc7 8. Bg5 Nbd7 9. Nd2 h6 10. Be3 Nc5 11. Bxc5 Qxc5 12. Bc4 Bg4 13. Qb1 Be6 14. Qa2 Bxc4 15. Qxc4 Rc8 16. Qb3 b6 17. 0-0 Be7 18. Rfe1 0-0 19. Nf1 Ng4 20. Ne3 Nxe3 21. Rxe3 Rb8 22. Nd5 Bg5 23. Rc3 Qd4 24. Rc4 Qd2 25. Qc3 Qxc3 26. Rxc3 Rfc8 27. Rxc8+ Rxc8 28. c3 Bd8 29. Kf1 Kf8 30. Ke2 Ke8 31. Nb4 Ra8 32. g3 Kd7 33. f4 exf4 34. gxf4 g6 35. Kd3 Ke6 36. Nc6 Bf6 37. Rf1 Kd7 38. Nb4 Ke6 39. Nd5 Bd8 40. f5+ gxf5 41. Rxf5 b5 42. axb5 axb5 43. Nf4+ Ke7 44. Rxb5 Kf8 45. Nd5 h5 46. Ne3 Ra5 47. Rxa5 Bxa5 48. Nf5 Bc7 49. h3 1-0